[Event "CAN-ch U12"]
[Site "Sault Ste Marie"]
[Date "2017.07.08"]
[Round "5.62"]
[White "Guo, Roger"]
[Black "Gao, Raymond"]
[Result "0-1"]
[WhiteElo "1230"]
[BlackElo "1537"]
[PlyCount "56"]
[EventDate "2017.07.06"]
[EventType "swiss"]
[EventRounds "7"]
[EventCountry "CAN"]
[SourceTitle "EXT 2022"]
[Source "ChessBase"]
[SourceDate "2021.10.06"]
[SourceVersion "1"]
[SourceVersionDate "2021.10.06"]
[SourceQuality "1"]

1. d4 Nf6 2. Nf3 e6 3. Nbd2 d5 4. e3 b6 5. Bd3 Bb7 6. 0-0 c5 7. c3 Be7 8. Re1 0-0 9. e4 dxe4 10. Nxe4 cxd4 11. cxd4 Nd5 12. Neg5 h6 13. Nh7 Re8 14. Ne5 Nb4 15. Qg4 Nxd3 16. Bxh6 Bf6 17. Nxf6+ Qxf6 18. Bg5 Nxe5 19. Rxe5 Qg6 20. Rae1 Bd5 21. Rxd5 f5 22. Qf3 exd5 23. Qxd5+ Kh8 24. Re3 Rxe3 25. Bxe3 f4 26. Bc1 Nc6 27. b4 Re8 28. Bd2 Qb1+ 0-1

[Event "CAN-ch U12"]
[Site "Sault Ste Marie"]
[Date "2017.07.07"]
[Round "4.67"]
[White "Guo, Roger"]
[Black "Yim, Justin"]
[Result "1-0"]
[WhiteElo "1230"]
[BlackElo "748"]
[PlyCount "113"]
[EventDate "2017.07.06"]
[EventType "swiss"]
[EventRounds "7"]
[EventCountry "CAN"]
[SourceTitle "EXT 2022"]
[Source "ChessBase"]
[SourceDate "2021.10.06"]
[SourceVersion "1"]
[SourceVersionDate "2021.10.06"]
[SourceQuality "1"]

1. d4 d5 2. Nf3 Nc6 3. Nbd2 Bf5 4. a3 Nf6 5. e3 e6 6. Bd3 Bxd3 7. cxd3 Be7 8. e4 dxe4 9. dxe4 Nxd4 10. Qa4+ Nc6 11. 0-0 0-0 12. e5 Nd7 13. Nc4 a6 14. Qc2 b5 15. Nb6 Nxb6 16. Qxc6 Qd5 17. Qxc7 Qd8 18. Qc2 Rc8 19. Qb3 Qd5 20. Qe3 Nc4 21. Qa7 Rfe8 22. Bg5 Bxg5 23. Nxg5 Nxe5 24. f4 Qd7 25. Qxa6 Ng6 26. Qb6 Red8 27. Kh1 Nxf4 28. Rxf4 Qd1+ 29. Rxd1 Rxd1+ 30. Qg1 Rcc1 31. Nf3 g5 32. Rg4 f6 33. Qxd1 Rxd1+ 34. Ng1 f5 35. Rxg5+ Kf7 36. Rg3 e5 37. h3 f4 38. Rf3 e4 39. Rxf4+ Kg6 40. Rxe4 h5 41. Kh2 Kg5 42. Nf3+ Kf5 43. Re5+ Kf4 44. Rxb5 h4 45. b4 Rd3 46. a4 Rxf3 47. gxf3 Kxf3 48. a5 Kf2 49. a6 Kf3 50. a7 Ke4 51. a8Q+ Kd4 52. Qf3 Kc4 53. Qd5+ Kc3 54. Rc5+ Kb2 55. Qd2+ Kb3 56. Qc3+ Ka4 57. Ra5# 1-0

[Event "Toronto NAYCC U08"]
[Site "Toronto"]
[Date "2013.08.15"]
[Round "2"]
[White "Kang, Dorian"]
[Black "Guo, Roger"]
[Result "1-0"]
[WhiteElo "1008"]
[BlackElo "636"]
[PlyCount "48"]
[EventDate "2013.08.14"]
[EventType "swiss"]
[EventRounds "9"]
[EventCountry "CAN"]
[SourceTitle "EXT 2022"]
[Source "ChessBase"]
[SourceDate "2021.10.06"]
[SourceVersion "1"]
[SourceVersionDate "2021.10.06"]
[SourceQuality "1"]

1. e4 c5 2. Nf3 Nc6 3. d4 cxd4 4. Nxd4 Ne5 5. Bf4 d6 6. Bb5+ Bd7 7. 0-0 Nf6 8. Re1 Ng6 9. Bg3 e5 10. Bxd7+ Qxd7 11. Nb3 Be7 12. Nc3 0-0 13. Nd5 Nh5 14. Qxh5 h6 15. Nxe7+ Qxe7 16. Rad1 Rad8 17. Nd2 Qe6 18. Nf3 f5 19. Qh3 Nf4 20. Bxf4 exf4 21. exf5 Rxf5 22. Rxe6 Rdf8 23. Rdxd6 R8f6 24. Rxf6 Rxf6 1-0